[Event "Gatineau op"]
[Site "Gatineau CAN"]
[Date "2025.04.12"]
[Round "3.18"]
[White "Nassar, Marc"]
[Black "Wu, Ting En Ryan"]
[Result "1-0"]
[WhiteElo "2036"]
[BlackElo "1926"]
[WhiteFideId "-1"]
[WhiteFideId "-1"]
[PlyCount "107"]
[GameId "2169905209960094"]
[EventDate "2025.04.11"]
[EventType "swiss"]
[EventRounds "5"]
[EventCountry "CAN"]

1. e4 c5 2. d4 cxd4 3. c3 d3 4. Bxd3 Nc6 5. c4 Nf6 6. Nf3 d6 7. h3 g6 8. O-O Bg7 9. Nc3 O-O 10. Be3 Be6 11. Rc1 Nd7 12. Ng5 Nc5 13. Nxe6 Nxe6 14. Bb1 Qa5 15. Qe2 Rac8 16. Nd5 Rfe8 17. Rfd1 Nc5 18. b3 Qa3 19. Rc2 Ne6 20. Rcd2 Nb4 21. f4 Nxd5 22. exd5 Nc5 23. Rc2 a5 24. Qe1 Qb4 25. Bd2 Qb6 26. Bxa5 Qa7 27. Kh1 e5 28. Re2 f5 29. fxe5 Rxe5 30. Rxe5 Bxe5 31. Bc3 Re8 32. Bxe5 Rxe5 33. Qh4 Qb6 34. Qf2 Qb4 35. Kh2 Ne4 36. Bxe4 fxe4 37. Qe3 Qa3 38. Rd2 Qc1 39. Re2 Qd1 40. Rf2 Qh5 41. a4 Re8 42. Qf4 g5 43. Qe3 Qg6 44. b4 b6 45. a5 bxa5 46. bxa5 h5 47. a6 g4 48. hxg4 hxg4 49. Kg3 Kh7 50. Rf4 Qh5 51. Rxg4 Qe5+ 52. Kh3 Qf5 53. a7 Qc8 54. Qg5 1-0

[Event "Gatineau op"]
[Site "Gatineau CAN"]
[Date "2025.04.12"]
[Round "3.19"]
[White "Loadman, Ian"]
[Black "Hong, Zihan"]
[Result "1-0"]
[WhiteElo "2032"]
[BlackElo "1936"]
[WhiteFideId "-1"]
[WhiteFideId "-1"]
[PlyCount "143"]
[GameId "2169905209960095"]
[EventDate "2025.04.11"]
[EventType "swiss"]
[EventRounds "5"]
[EventCountry "CAN"]

1. e4 c5 2. Nf3 g6 3. Bc4 Nc6 4. c3 Bg7 5. d4 cxd4 6. cxd4 d6 7. O-O Nf6 8. Nc3 O-O 9. Be2 b6 10. d5 Nb8 11. Nd4 Bb7 12. Be3 Nbd7 13. Rc1 Rc8 14. Qd2 a6 15. f3 b5 16. b4 Nb6 17. Nb3 Nfd7 18. Na5 Ba8 19. Bd4 Bxd4+ 20. Qxd4 Ne5 21. a4 Nbc4 22. Nxc4 bxc4 23. f4 Nd3 24. Bxd3 cxd3 25. Rfd1 Qd7 26. Qxd3 Qb7 27. Qd4 Rb8 28. b5 axb5 29. Nxb5 Rfc8 30. h3 Rxc1 31. Rxc1 Rc8 32. Rxc8+ Qxc8 33. Qc3 Qa6 34. Qb4 Qb6+ 35. Qd4 Qb8 36. Qa7 Qc8 37. Nc7 Bb7 38. Qb6 h5 39. Kh2 Kh7 40. a5 Kg7 41. a6 Bxa6 42. Nxa6 Qc4 43. Qb2+ Kh7 44. Nb4 Qxe4 45. Qd2 Qc4 46. Nc2 Qe4 47. Ne1 f6 48. Nf3 Kg7 49. Qd4 Qe2 50. Kg1 Kf7 51. Qd2 Qe4 52. Kf2 Qc4 53. Qd4 Qc2+ 54. Kf1 Qb1+ 55. Kf2 Qc2+ 56. Kg3 Qe2 57. Kh2 Kf8 58. Qa4 Qd3 59. Nd4 Kf7 60. Nb5 Qf5 61. Nc7 Qc8 62. Ne6 Qb8 63. Qd1 Qb5 64. f5 Qc4 65. fxg6+ Kxg6 66. Qb1+ f5 67. Qb2 f4 68. Qg7+ Kf5 69. Qg5+ Ke4 70. Nxf4 Qc1 71. Qg6+ Ke3 72. Nxh5 1-0

[Event "Gatineau op"]
[Site "Gatineau CAN"]
[Date "2025.04.12"]
[Round "3.20"]
[White "Lamontagne, Damien"]
[Black "Duval, Mathieu"]
[Result "1-0"]
[WhiteElo "1871"]
[BlackElo "1983"]
[WhiteFideId "-1"]
[WhiteFideId "-1"]
[PlyCount "79"]
[GameId "2169905209960097"]
[EventDate "2025.04.11"]
[EventType "swiss"]
[EventRounds "5"]
[EventCountry "CAN"]

1. e4 g6 2. d4 Bg7 3. Nf3 d6 4. Nc3 a6 5. Be3 Nd7 6. Be2 b5 7. a4 b4 8. Na2 a5 9. c3 Bb7 10. Nd2 Ngf6 11. Bf3 bxc3 12. bxc3 O-O 13. O-O c5 14. Nc1 cxd4 15. cxd4 Rc8 16. Ncb3 Ba6 17. Be2 Bxe2 18. Qxe2 e5 19. d5 Nh5 20. Nc4 Nf4 21. Bxf4 exf4 22. Ra2 Ne5 23. Nbxa5 f3 24. gxf3 Qh4 25. Nxe5 Bxe5 26. f4 Qxf4 27. f3 Rc3 28. Nc6 f5 29. exf5 gxf5 30. Kh1 Re3 31. Qg2+ Kh8 32. Qh3 Qc4 33. Raf2 Bc3 34. Qh6 Rfe8 35. Qxd6 Qxa4 36. Qc5 Bg7 37. d6 Rc3 38. d7 Rg8 39. Ne5 Qb3 40. Qxc3 1-0

[Event "Gatineau op"]
[Site "Gatineau CAN"]
[Date "2025.04.12"]
[Round "3.21"]
[White "Ramesan, Raunak"]
[Black "Desjardins, Michel"]
[Result "1/2-1/2"]
[WhiteElo "2004"]
[BlackElo "1936"]
[WhiteFideId "-1"]
[WhiteFideId "-1"]
[PlyCount "80"]
[GameId "2169905209960098"]
[EventDate "2025.04.11"]
[EventType "swiss"]
[EventRounds "5"]
[EventCountry "CAN"]

1. e4 d5 2. exd5 Qxd5 3. Nc3 Qd6 4. d4 Nf6 5. Nf3 g6 6. Bc4 Bg7 7. O-O O-O 8. Nb5 Qd8 9. Bf4 c6 10. Nc3 Bg4 11. Be5 Nbd7 12. h3 Bxf3 13. Qxf3 e6 14. Bg3 Nd5 15. Rad1 N7b6 16. Bb3 Qf6 17. Qxf6 Nxf6 18. Rfe1 Rac8 19. Ne4 Nxe4 20. Rxe4 Rfd8 21. c3 Nd5 22. Bc2 b5 23. Bd3 a6 24. Bf1 Nb6 25. Rd3 Nc4 26. b3 Nd6 27. Re1 Nf5 28. Bf4 Rd7 29. Red1 Rcd8 30. g4 Ne7 31. Bc1 Nd5 32. Bg2 h6 33. Kf1 g5 34. Kg1 Ne7 35. Ba3 Nd5 36. Bc1 a5 37. Bd2 Ne7 38. Bc1 b4 39. Bb2 c5 40. a3 Kf8 1/2-1/2

[Event "Gatineau op"]
[Site "Gatineau CAN"]
[Date "2025.04.12"]
[Round "3.22"]
[White "Lattafi, Youcef"]
[Black "Dufresne, Christophe"]
[Result "1-0"]
[WhiteElo "1906"]
[BlackElo "1938"]
[WhiteFideId "-1"]
[WhiteFideId "-1"]
[PlyCount "115"]
[GameId "2169905209964195"]
[EventDate "2025.04.11"]
[EventType "swiss"]
[EventRounds "5"]
[EventCountry "CAN"]

1. e4 e5 2. Nf3 Nf6 3. Nxe5 Nxe4 4. Qe2 Qe7 5. Qxe4 d6 6. d4 dxe5 7. dxe5 Nc6 8. Nc3 Qxe5 9. Qxe5+ Nxe5 10. Bf4 Bd6 11. Bg3 h5 12. Nb5 Ke7 13. Nxd6 cxd6 14. h4 Bf5 15. O-O-O Rhc8 16. Rd2 Rc6 17. Bb5 Rc5 18. Be2 Rac8 19. c3 b5 20. Rd4 g6 21. Re1 Be6 22. a3 a6 23. a4 bxa4 24. Rxa4 a5 25. Bf4 Ra8 26. Be3 Rc6 27. Bd4 Rc7 28. Bxe5 dxe5 29. Bf3 Re8 30. Rxe5 Kf6 31. Raxa5 Rb8 32. Re4 Rb6 33. Rd4 Bf5 34. Bxh5 Rcb7 35. Bf3 Re7 36. b4 Re1+ 37. Rd1 Re8 38. b5 Rc8 39. Kb2 Rc5 40. Rd5 Rc8 41. Ra6 Rcb8 42. Rxb6+ Rxb6 43. Rc5 Ke7 44. c4 Kd7 45. Kc3 Kd6 46. Kb4 Rb8 47. Rd5+ Kc7 48. Be2 Re8 49. Bd3 Re1 50. c5 Be6 51. b6+ Kb7 52. Rd4 f5 53. Rd6 Re5 54. Bc4 Bxc4 55. Kxc4 Re4+ 56. Kb5 Rxh4 57. Rd7+ Kc8 58. Kc6 1-0

[Event "Gatineau op"]
[Site "Gatineau CAN"]
[Date "2025.04.13"]
[Round "4.1"]
[White "Rodrigue-Lemieux, Shawn"]
[Black "Sambuev, Bator"]
[Result "1-0"]
[WhiteElo "2628"]
[BlackElo "2520"]
[WhiteFideId "-1"]
[WhiteFideId "-1"]
[PlyCount "81"]
[GameId "2169905209964203"]
[EventDate "2025.04.11"]
[EventType "swiss"]
[EventRounds "5"]
[EventCountry "CAN"]

1. c4 e5 2. g3 Nc6 3. Bg2 g6 4. Nc3 Bg7 5. e4 d6 6. Nge2 h5 7. h4 Bg4 8. f3 Be6 9. d3 Nh6 10. Nd5 O-O 11. Be3 f5 12. Qd2 Nf7 13. exf5 Bxf5 14. O-O Nd4 15. Rae1 c6 16. Ndc3 Qd7 17. Ne4 Rae8 18. Nxd4 exd4 19. Bf4 b6 20. Kh2 d5 21. cxd5 cxd5 22. Nf2 Nd8 23. Bh6 Nc6 24. Bxg7 Kxg7 25. Nh3 Re7 26. Rxe7+ Qxe7 27. Re1 Qb4 28. Qc1 Qd6 29. Nf4 Ne5 30. Qd1 Re8 31. Re2 Kf7 32. Qa4 Bd7 33. Qxa7 Re7 34. Qa8 Bb5 35. Qh8 Bxd3 36. Rd2 Bb1 37. Rxd4 Bxa2 38. Ra4 Qc6 39. Rxa2 Qc2 40. Qh7+ Ke8 41. Qg8+ 1-0

[Event "Gatineau op"]
[Site "Gatineau CAN"]
[Date "2025.04.13"]
[Round "4.2"]
[White "Moses, Neil"]
[Black "Han, Johnathan"]
[Result "0-1"]
[WhiteElo "2333"]
[BlackElo "2467"]
[WhiteFideId "-1"]
[WhiteFideId "-1"]
[PlyCount "66"]
[GameId "2169905210066613"]
[EventDate "2025.04.11"]
[EventType "swiss"]
[EventRounds "5"]
[EventCountry "CAN"]

1. a3 a6 2. Nf3 Nf6 3. c4 g6 4. d4 Bg7 5. e3 O-O 6. Nc3 d5 7. c5 Nc6 8. Be2 Re8 9. O-O Ne4 10. Nxe4 dxe4 11. Ne1 b6 12. b4 Be6 13. Bb2 bxc5 14. bxc5 Rb8 15. Bc3 Bb3 16. Qc1 a5 17. a4 Nb4 18. Bxb4 Rxb4 19. Bb5 Rf8 20. Nc2 Bxc2 21. Qxc2 e5 22. dxe5 Qd5 23. Rad1 Qe6 24. Rd4 Bxe5 25. Bc4 Qf5 26. Rxe4 Rd8 27. g4 Qf3 28. Bd3 Qh3 29. f4 Rb2 30. fxe5 Rxc2 31. Bxc2 Rd2 32. Rf2 Rxf2 33. Kxf2 Qxh2+ 0-1

[Event "Gatineau op"]
[Site "Gatineau CAN"]
[Date "2025.04.13"]
[Round "4.3"]
[White "Latorre, Vincent"]
[Black "Bahmani, Amir Mohammad"]
[Result "1-0"]
[WhiteElo "2366"]
[BlackElo "2286"]
[WhiteFideId "-1"]
[WhiteFideId "-1"]
[PlyCount "157"]
[GameId "2172342674242327"]
[EventDate "2025.04.11"]
[EventType "swiss"]
[EventRounds "5"]
[EventCountry "CAN"]

1. e4 e5 2. Nf3 Nc6 3. Bb5 a6 4. Ba4 Nf6 5. O-O b5 6. Bb3 Bc5 7. c3 Nxe4 8. d4 exd4 9. cxd4 Be7 10. d5 Na5 11. Bc2 Nd6 12. Qd3 Bf6 13. Nc3 Kf8 14. Re1 h6 15. Bf4 Nab7 16. Ne5 Bxe5 17. Bxe5 Nc4 18. Bd4 d6 19. a4 Nxb2 20. Qg3 Qg5 21. axb5 Qxg3 22. hxg3 a5 23. b6 cxb6 24. Ne4 Nc4 25. Bd3 b5 26. Reb1 Ne5 27. Bxb5 Bf5 28. Re1 Bd7 29. Bxd7 Nxd7 30. Rab1 Nbc5 31. Nxd6 Nd3 32. Re2 Nb4 33. Rbe1 Nf6 34. Re7 Nbxd5 35. Rxf7+ Kg8 36. Rb7 Rh7 37. Reb1 Nb4 38. Ra1 Nfd5 39. Rxa5 Rd8 40. Rd7 Rb8 41. Raa7 Nc6 42. Rxg7+ Rxg7 43. Rxg7+ Kf8 44. Rg4 h5 45. Rg5 Nc7 46. Bg7+ Ke7 47. Nf5+ Kf7 48. Rxh5 Ne6 49. Bc3 Rb3 50. Bd2 Rd3 51. Be3 Nf8 52. g4 Ne5 53. f3 Nfg6 54. Kf2 Ra3 55. Rh1 Nc4 56. Bg5 Nge5 57. Kg3 Ra2 58. Rh7+ Ke6 59. Re7+ Kd5 60. Ne3+ Nxe3 61. Bxe3 Kd6 62. Re8 Nc4 63. Bf4+ Kd7 64. Re4 Nb6 65. g5 Nd5 66. Be5 Ne7 67. Bf6 Nf5+ 68. Kg4 Nd6 69. Re7+ Kc6 70. g3 Ra4+ 71. f4 Ne4 72. Be5 Kd5 73. g6 Ra3 74. f5 Nf2+ 75. Kh5 Ra8 76. g7 Nd3 77. Bf6 Nc5 78. Re5+ Kd6 79. Rxc5 1-0

[Event "Gatineau op"]
[Site "Gatineau CAN"]
[Date "2025.04.13"]
[Round "4.4"]
[White "Gavrilin, Roman"]
[Black "Masse, Hugues"]
[Result "1/2-1/2"]
[WhiteElo "2341"]
[BlackElo "2172"]
[WhiteFideId "-1"]
[WhiteFideId "-1"]
[PlyCount "27"]
[GameId "2169905210066616"]
[EventDate "2025.04.11"]
[EventType "swiss"]
[EventRounds "5"]
[EventCountry "CAN"]

1. e4 e6 2. d4 d5 3. Nc3 Bb4 4. Nge2 dxe4 5. a3 Bxc3+ 6. Nxc3 Nc6 7. Bf4 Nf6 8. Bb5 Nd5 9. Bxc6+ bxc6 10. Bg3 Nxc3 11. bxc3 Ba6 12. Qg4 O-O 13. Qxe4 Qd7 14. Qe5 1/2-1/2

[Event "Gatineau op"]
[Site "Gatineau CAN"]
[Date "2025.04.13"]
[Round "4.5"]
[White "Miranda Mesa, Elier"]
[Black "Azar, Sebastien"]
[Result "1-0"]
[WhiteElo "2516"]
[BlackElo "2176"]
[WhiteFideId "-1"]
[WhiteFideId "-1"]
[PlyCount "42"]
[GameId "2172342674242330"]
[EventDate "2025.04.11"]
[EventType "swiss"]
[EventRounds "5"]
[EventCountry "CAN"]

1. e4 c5 2. Nf3 d6 3. d4 cxd4 4. Nxd4 Nf6 5. Nc3 a6 6. Bd3 g6 7. f3 Bg7 8. Be3 Nc6 9. Qd2 Qd7 10. O-O-O Qc7 11. h3 b5 12. g4 b4 13. Nce2 O-O 14. Bh6 b3 15. axb3 Nxd4 16. Nxd4 a5 17. Bxg7 Kxg7 18. Qc3 Qxc3 19. bxc3 a4 20. Kb2 Ra7 21. Ra1 Rb7 {illisible} 1-0

[Event "Gatineau op"]
[Site "Gatineau CAN"]
[Date "2025.04.13"]
[Round "4.6"]
[White "Chiku-Ratte, Olivier-Kenta"]
[Black "Berube, Maximilien"]
[Result "1-0"]
[WhiteElo "2432"]
[BlackElo "2035"]
[WhiteFideId "-1"]
[WhiteFideId "-1"]
[PlyCount "93"]
[GameId "2169905210066617"]
[EventDate "2025.04.11"]
[EventType "swiss"]
[EventRounds "5"]
[EventCountry "CAN"]

1. b3 d5 2. Bb2 Bf5 3. Nf3 e6 4. g3 h6 5. Bg2 Nf6 6. O-O Nbd7 7. d3 Bd6 8. Nbd2 O-O 9. Qe1 e5 10. e4 dxe4 11. Nh4 Be6 12. dxe4 Re8 13. Qe2 Nf8 14. Rad1 Qd7 15. Nf5 Bxf5 16. exf5 Qxf5 17. Bxb7 Rad8 18. Ne4 Nxe4 19. Bxe4 Qg5 20. Bc1 Qf6 21. Be3 a5 22. Qa6 Bb4 23. Qxf6 gxf6 24. Bxh6 Ne6 25. Bc6 Rxd1 26. Rxd1 Rd8 27. Rxd8+ Nxd8 28. Be4 Ne6 29. Be3 Nd4 30. Kg2 Nb5 31. a4 Nd6 32. Bd5 Nf5 33. Ba7 Nd4 34. Be4 c5 35. g4 Kg7 36. h4 Ne2 37. Kf3 Nf4 38. Bf5 Nd5 39. Ke4 Nc3+ 40. Kd3 Nd1 41. f3 Nb2+ 42. Ke2 c4 43. Be3 c3 44. h5 Be7 45. h6+ Kh8 46. Bb6 Bb4 47. Bd8 1-0

[Event "Gatineau op"]
[Site "Gatineau CAN"]
[Date "2025.04.13"]
[Round "4.8"]
[White "Pitre, Lucas"]
[Black "Dukic, Zachary"]
[Result "0-1"]
[WhiteElo "1926"]
[BlackElo "2365"]
[WhiteFideId "-1"]
[WhiteFideId "-1"]
[PlyCount "130"]
[GameId "2169905210070715"]
[EventDate "2025.04.11"]
[EventType "swiss"]
[EventRounds "5"]
[EventCountry "CAN"]

1. d4 Nf6 2. Nf3 d5 3. g3 c5 4. Bg2 cxd4 5. O-O h6 6. Bf4 Nbd7 7. Qxd4 e6 8. c4 Bc5 9. Qd3 g5 10. Be3 dxc4 11. Qc3 Bxe3 12. Qxe3 Nd5 13. Qd4 Qf6 14. Rc1 Qxd4 15. Nxd4 Ne5 16. Nc3 Nb6 17. Ndb5 Ke7 18. Rd1 a6 19. Nd6 Rb8 20. Rd2 Rd8 21. Rad1 Rd7 22. a4 Rc7 23. h3 Bd7 24. a5 Nc8 25. f4 gxf4 26. gxf4 Nxd6 27. Rxd6 Nc6 28. f5 Ne5 29. Ne4 exf5 30. Nc3 Be6 31. Rb6 Nd7 32. Rb4 Nf6 33. Rb6 h5 34. Kf2 Nd7 35. Rb4 Nc5 36. Nd5+ Bxd5 37. Rxd5 Kf6 38. h4 Re8 39. Bf3 Ne4+ 40. Kg2 c3 41. bxc3 Nxc3 42. Rb6+ Re6 43. Rxe6+ fxe6 44. Rd8 Ne4 45. Rh8 Nd6 46. Rh6+ Ke5 47. Rxh5 Nf7 48. Rh7 Kf6 49. Bh5 Re7 50. Rxf7+ Rxf7 51. Bxf7 Kxf7 52. Kg3 e5 53. h5 Kg7 54. e3 Kh6 55. Kh4 e4 56. Kg3 Kxh5 57. Kh3 Kg5 58. Kg3 f4+ 59. Kf2 fxe3+ 60. Kxe3 Kf5 61. Kd4 Kf4 62. Kc5 e3 63. Kb6 e2 64. Kxb7 e1=Q 65. Kxa6 Qb4 0-1

[Event "Gatineau op"]
[Site "Gatineau CAN"]
[Date "2025.04.13"]
[Round "4.9"]
[White "Gordon, David"]
[Black "Murali, Dhruv"]
[Result "1-0"]
[WhiteElo "2287"]
[BlackElo "1976"]
[WhiteFideId "-1"]
[WhiteFideId "-1"]
[PlyCount "103"]
[GameId "2169905210074812"]
[EventDate "2025.04.11"]
[EventType "swiss"]
[EventRounds "5"]
[EventCountry "CAN"]

1. c4 Nf6 2. g3 g6 3. Bg2 Bg7 4. Nc3 d6 5. e4 e5 6. Nge2 O-O 7. O-O c6 8. d3 Nbd7 9. b4 a5 10. b5 c5 11. Bg5 h6 12. Bd2 Nb6 13. Qe1 Bd7 14. Rb1 Nc8 15. f4 b6 16. f5 Ne7 17. h3 gxf5 18. exf5 Bxf5 19. Rxf5 Nxf5 20. Qf2 Nd4 21. Nxd4 exd4 22. Ne4 d5 23. Nxf6+ Qxf6 24. Qxf6 Bxf6 25. Bxd5 Rae8 26. Bxh6 Re2 27. Bxf8 Kxf8 28. Rf1 Kg7 29. Rf2 Re3 30. Rf3 Re2 31. h4 Rxa2 32. h5 Be5 33. Rxf7+ Kh6 34. g4 a4 35. Rf5 a3 36. Rxe5 Ra1+ 37. Kh2 a2 38. Bf3 Rf1 39. g5+ Kg7 40. Re7+ Kf8 41. Ra7 a1=Q 42. Rxa1 Rxa1 43. Kg3 Kg7 44. Be4 Rg1+ 45. Kf4 Rf1+ 46. Ke5 Rf8 47. h6+ Kg8 48. g6 Re8+ 49. Kf5 Rd8 50. Bd5+ Rxd5+ 51. cxd5 c4 52. d6 1-0

[Event "Gatineau op"]
[Site "Gatineau CAN"]
[Date "2025.04.13"]
[Round "4.10"]
[White "Rousskikh, Maxim"]
[Black "Nasr, Marwan"]
[Result "1-0"]
[WhiteElo "2137"]
[BlackElo "1946"]
[WhiteFideId "-1"]
[WhiteFideId "-1"]
[PlyCount "153"]
[GameId "2169905209964204"]
[EventDate "2025.04.11"]
[EventType "swiss"]
[EventRounds "5"]
[EventCountry "CAN"]

1. d4 d5 2. c4 e6 3. Nc3 Nf6 4. Bg5 Be7 5. Nf3 O-O 6. e3 a6 7. c5 c6 8. Bd3 Nbd7 9. b4 Nh5 10. Bxe7 Qxe7 11. Ne5 g6 12. g4 Ng7 13. Nxd7 Bxd7 14. Kd2 e5 15. dxe5 Qxe5 16. f4 Qe6 17. Rg1 Rfe8 18. Rg3 f5 19. h3 Rad8 20. Ne2 Qf6 21. Qc1 Bc8 22. Qc3 Qxc3+ 23. Kxc3 Re7 24. Nd4 Kf7 25. a4 Rde8 26. Re1 Bd7 27. Kd2 Ra8 28. Rb1 Rc8 29. Nf3 Kf8 30. Ne5 Be8 31. Rbg1 a5 32. gxf5 gxf5 33. Bxf5 Ra8 34. Bxh7 axb4 35. Bc2 Ra5 36. Nd3 b6 37. Nxb4 Rxc5 38. f5 Nh5 39. Rg8+ Kf7 40. R8g6 Rc4 41. Nd3 Rh4 42. Nf2 Rc7 43. Rh6 Ke7 44. Rg5 Kd8 45. Bd1 d4 46. Bg4 dxe3+ 47. Kxe3 Ra7 48. Bxh5 Ra5 49. Rh8 Re5+ 50. Kf3 c5 51. Rxe8+ Rxe8 52. Bxe8 Kxe8 53. Rg6 Rb4 54. Ne4 c4 55. h4 c3 56. Rc6 Rxa4 57. Rxc3 Ra1 58. h5 Rg1 59. Rc6 b5 60. Rb6 Rh1 61. Ng3 Rh4 62. Rxb5 Kf7 63. Rb6 Kg7 64. Rg6+ Kf7 65. h6 Kf8 66. Ne4 Rh1 67. Ng5 Rh4 68. h7 Ke7 69. f6+ Kd6 70. f7+ Ke7 71. Re6+ Kf8 72. Re8+ Kg7 73. f8=Q+ Kg6 74. Qf7+ Kh6 75. Re6+ Kxg5 76. Rg6+ Kh5 77. h8=Q# 1-0

[Event "Gatineau op"]
[Site "Gatineau CAN"]
[Date "2025.04.13"]
[Round "4.11"]
[White "Hoekman, Samuel"]
[Black "Lamontagne, Damien"]
[Result "1/2-1/2"]
[WhiteElo "2128"]
[BlackElo "1871"]
[WhiteFideId "-1"]
[WhiteFideId "-1"]
[PlyCount "79"]
[GameId "2169905210054317"]
[EventDate "2025.04.11"]
[EventType "swiss"]
[EventRounds "5"]
[EventCountry "CAN"]

1. d4 Nf6 2. c4 e6 3. g3 c5 4. d5 exd5 5. cxd5 d6 6. Nc3 g6 7. Bg2 Bg7 8. Nf3 O-O 9. O-O a6 10. a4 Nbd7 11. Bf4 Qe7 12. h3 Nh5 13. Bg5 f6 14. Bd2 f5 15. Ng5 Ne5 16. e4 f4 17. gxf4 Nxf4 18. Bxf4 Rxf4 19. Ne6 Bxe6 20. dxe6 Qxe6 21. Nd5 Rf7 22. f4 Nc6 23. f5 gxf5 24. exf5 Rxf5 25. Rxf5 Qxf5 26. Qb3 Kh8 27. Qxb7 Qc8 28. Qxc8+ Rxc8 29. Nb6 Bd4+ 30. Kh1 Rb8 31. Nd7 Rb7 32. Nxc5 dxc5 33. Bxc6 Rxb2 34. Re1 c4 35. Re8+ Kg7 36. Rc8 c3 37. Be4 h6 38. Rc6 Ra2 39. Rg6+ Kf7 40. Rxa6 1/2-1/2

[Event "Gatineau op"]
[Site "Gatineau CAN"]
[Date "2025.04.13"]
[Round "4.12"]
[White "Qian, Eric"]
[Black "Filion, Samuel"]
[Result "1-0"]
[WhiteElo "2069"]
[BlackElo "1904"]
[WhiteFideId "-1"]
[WhiteFideId "-1"]
[PlyCount "63"]
[GameId "2169905210058414"]
[EventDate "2025.04.11"]
[EventType "swiss"]
[EventRounds "5"]
[EventCountry "CAN"]

1. Nf3 e6 2. c4 d5 3. g3 Nf6 4. Bg2 Be7 5. O-O O-O 6. b3 c5 7. e3 Nc6 8. Bb2 b6 9. Nc3 Bb7 10. cxd5 exd5 11. d4 Re8 12. Rc1 cxd4 13. Nxd4 Nxd4 14. Qxd4 Bc5 15. Qd3 Qd7 16. Rfd1 Rad8 17. Ne2 Qe7 18. Nd4 h5 19. Qf5 Ba3 20. Bxa3 Qxa3 21. Rc7 Bc8 22. Qg5 Qxa2 23. Rxc8 Rxc8 24. Nf5 g6 25. Qxf6 gxf5 26. Bxd5 Rf8 27. Qg6+ Kh8 28. Qxh5+ Kg7 29. Qg5+ Kh7 30. Qxf5+ Kg7 31. Qg5+ Kh7 32. Be4+ 1-0

[Event "Gatineau op"]
[Site "Gatineau CAN"]
[Date "2025.04.13"]
[Round "4.13"]
[White "Fiset, Anais Chloe"]
[Black "Zhu, Elber"]
[Result "1-0"]
[WhiteElo "1932"]
[BlackElo "2060"]
[WhiteFideId "-1"]
[WhiteFideId "-1"]
[PlyCount "91"]
[GameId "2169905210058415"]
[EventDate "2025.04.11"]
[EventType "swiss"]
[EventRounds "5"]
[EventCountry "CAN"]

1. e4 e5 2. Nf3 Nc6 3. Bc4 Nf6 4. d3 Bc5 5. Nc3 h6 6. O-O d6 7. Na4 Bb6 8. a3 Bg4 9. h3 Bh5 10. c3 Qd7 11. Nxb6 axb6 12. Bb5 O-O 13. Be3 Qe6 14. Bc4 Qd7 15. Re1 Rae8 16. Bb3 Kh7 17. Bc2 Qc8 18. d4 g5 19. Ba4 Re7 20. d5 Nb8 21. Bc1 Rg8 22. Qd3 g4 23. Qe3 Rg6 24. Nh4 gxh3 25. Nxg6 fxg6 26. Qxh6+ Kg8 27. Qg5 Rf7 28. Bd1 Bxd1 29. Rxd1 hxg2 30. Qxg6+ Kf8 31. Rd3 Nbd7 32. Rh3 Ke7 33. Qf5 Qg8 34. Bg5 Rg7 35. Bh4 Rg4 36. Bxf6+ Nxf6 37. Rh6 Rf4 38. Qh3 Rxe4 39. Rh8 Qg4 40. Qh6 Nxd5 41. Qf8+ Ke6 42. Qc8+ Kf6 43. Rf8+ Kg5 44. Rg8+ Kh4 45. Rxg4+ Rxg4 46. Qh8+ 1-0

[Event "Gatineau op"]
[Site "Gatineau CAN"]
[Date "2025.04.13"]
[Round "4.14"]
[White "Iordanescu, Victor Nicolae"]
[Black "Loadman, Ian"]
[Result "0-1"]
[WhiteElo "1849"]
[BlackElo "2032"]
[WhiteFideId "-1"]
[WhiteFideId "-1"]
[PlyCount "60"]
[GameId "2169905210062512"]
[EventDate "2025.04.11"]
[EventType "swiss"]
[EventRounds "5"]
[EventCountry "CAN"]

1. Nf3 Nf6 2. g3 g6 3. Bg2 Bg7 4. O-O O-O 5. d4 d6 6. c4 c6 7. Nc3 Bf5 8. Nh4 Be6 9. d5 cxd5 10. cxd5 Bd7 11. e4 Qb6 12. Qc2 Rc8 13. Be3 Qa5 14. Qb3 Na6 15. h3 Nc5 16. Bxc5 Qxc5 17. Rac1 Rab8 18. Kh2 b5 19. f4 b4 20. Ne2 Qb5 21. Nd4 Ng4+ 22. hxg4 Bxd4 23. g5 Qe2 24. Rxc8+ Rxc8 25. Qxb4 Rc2 26. Qxd4 Qxf1 27. Qxa7 Bh3 28. Qxe7 Rxg2+ 29. Kxh3 Rf2+ 30. Ng2 Qh1+ 0-1

[Event "Gatineau op"]
[Site "Gatineau CAN"]
[Date "2025.04.13"]
[Round "4.15"]
[White "Berube, Antoine"]
[Black "Lattafi, Youcef"]
[Result "1/2-1/2"]
[WhiteElo "2172"]
[BlackElo "1906"]
[WhiteFideId "-1"]
[WhiteFideId "-1"]
[PlyCount "111"]
[GameId "2169905210062513"]
[EventDate "2025.04.11"]
[EventType "swiss"]
[EventRounds "5"]
[EventCountry "CAN"]

1. d4 d5 2. c4 e6 3. Nf3 Nf6 4. g3 Be7 5. Bg2 O-O 6. O-O dxc4 7. Qc2 b5 8. a4 b4 9. Nfd2 Nd5 10. Nxc4 c5 11. dxc5 Bxc5 12. Rd1 Nd7 13. e4 N5b6 14. Nxb6 axb6 15. Nd2 Bb7 16. Nb3 Qe7 17. Nxc5 Nxc5 18. Bd2 b3 19. Qc4 Ba6 20. Qb4 Bd3 21. e5 Rab8 22. Be3 Bc2 23. Rd6 Nd3 24. Qd4 Rfd8 25. Be4 Nc5 26. Bxc2 bxc2 27. Qc4 Rxd6 28. exd6 Qxd6 29. Qxc2 e5 30. b4 Ne6 31. a5 bxa5 32. bxa5 Nd4 33. Qc4 h6 34. a6 Ra8 35. a7 Qd7 36. Bxd4 exd4 37. Qa4 Qd8 38. Qa5 Qd6 39. Qa6 Qc7 40. Qa5 Qd6 41. Qa3 Qc7 42. Kf1 Qc6 43. Kg1 Qc7 44. h4 d3 45. Qxd3 Rxa7 46. Re1 Ra8 47. Qf3 Rd8 48. Rb1 Qd7 49. Re1 Qd2 50. Re2 Qd7 51. Kg2 Re8 52. Rb2 Qe6 53. Rb4 Qe2 54. Qd5 Qe6 55. Qb7 Qe7 56. Qxe7 1/2-1/2

[Event "Gatineau op"]
[Site "Gatineau CAN"]
[Date "2025.04.13"]
[Round "4.16"]
[White "St-Germain, Jack"]
[Black "Mok, Yuen Tak"]
[Result "1-0"]
[WhiteElo "2128"]
[BlackElo "2121"]
[WhiteFideId "-1"]
[WhiteFideId "-1"]
[PlyCount "95"]
[GameId "2169905210062514"]
[EventDate "2025.04.11"]
[EventType "swiss"]
[EventRounds "5"]
[EventCountry "CAN"]

1. e4 c6 2. d4 d5 3. Nc3 dxe4 4. Nxe4 Bf5 5. Ng3 Bg6 6. h4 h6 7. Nf3 e6 8. h5 Bh7 9. Bd3 Bxd3 10. Qxd3 Nf6 11. Bd2 Be7 12. O-O-O O-O 13. Kb1 c5 14. Ne4 Nc6 15. dxc5 Qxd3 16. Nxf6+ Bxf6 17. cxd3 Rfd8 18. Bc3 Rd5 19. Bxf6 gxf6 20. d4 Rad8 21. Kc2 Nxd4+ 22. Nxd4 Rxd4 23. Rxd4 Rxd4 24. Kc3 Rd5 25. b4 Kf8 26. Rh4 Rg5 27. g3 Ke7 28. Kc4 Kd7 29. b5 a6 30. bxa6 bxa6 31. Rd4+ Kc7 32. Rd6 Kb7 33. Rb6+ Ka7 34. Rb3 Rg4+ 35. f4 e5 36. c6 exf4 37. c7 fxg3+ 38. Kd5 Rg8 39. Rxg3 Rxg3 40. c8=Q Rd3+ 41. Ke4 Rd1 42. Qc5+ Kb7 43. Qb4+ Ka7 44. Qe7+ Kb6 45. Qxf6+ Kb5 46. Qb2+ Ka5 47. Qc3+ Kb6 48. Qb3+ 1-0

[Event "Gatineau op"]
[Site "Gatineau CAN"]
[Date "2025.04.13"]
[Round "4.17"]
[White "Turcotte, Jonathan"]
[Black "Ramesan, Raunak"]
[Result "0-1"]
[WhiteElo "2043"]
[BlackElo "2004"]
[WhiteFideId "-1"]
[WhiteFideId "-1"]
[PlyCount "114"]
[GameId "2169905210062515"]
[EventDate "2025.04.11"]
[EventType "swiss"]
[EventRounds "5"]
[EventCountry "CAN"]

1. d4 Nf6 2. c4 e6 3. Nf3 d5 4. Nc3 Bb4 5. Qa4+ Nc6 6. e3 O-O 7. Bd2 Bd7 8. Qc2 Re8 9. cxd5 exd5 10. Be2 a6 11. O-O Bd6 12. a3 h6 13. b4 Ne7 14. Ne5 Bf5 15. Qb3 c6 16. Rac1 Nc8 17. f4 Ne4 18. Nxe4 Bxe4 19. a4 Qe7 20. Nd3 Bxd3 21. Bxd3 Bc7 22. b5 axb5 23. axb5 Ra3 24. Qb1 Ba5 25. Bxa5 Qxe3+ 26. Kh1 Qxd3 27. Qxd3 Rxd3 28. bxc6 bxc6 29. Rxc6 Rxd4 30. g4 Ne7 31. Rd6 Ng6 32. f5 Ne5 33. h3 Nc4 34. Ra6 Rd3 35. Bc7 Rxh3+ 36. Kg2 Rc3 37. Bf4 Re2+ 38. Rf2 Ne3+ 39. Bxe3 Rcxe3 40. Rxe2 Rxe2+ 41. Kf3 Rd2 42. Ra8+ Kh7 43. Ra7 f6 44. Rd7 d4 45. Rd8 d3 46. Ke3 Rd1 47. Rd4 h5 48. gxh5 Kh6 49. Rg4 Rf1 50. Rg6+ Kxh5 51. Rxg7 Rxf5 52. Kxd3 Re5 53. Rg8 f5 54. Kd4 Re7 55. Rg1 f4 56. Rf1 Kg4 57. Rg1+ Kf3 0-1